<?xml version="1.0" encoding="UTF-8"?>
<collection xmlns="http://www.loc.gov/MARC21/slim">
 <record>
  <leader>     na                 </leader>
  <controlfield tag="001">INLIS000000000854624</controlfield>
  <controlfield tag="005">20200508085200</controlfield>
  <datafield tag="035" ind1=" " ind2=" ">
   <subfield code="a">0010-0220000794</subfield>
  </datafield>
  <controlfield tag="007">ta</controlfield>
  <datafield tag="020" ind1=" " ind2=" ">
   <subfield code="a">978-623-209-880-0</subfield>
  </datafield>
  <datafield tag="040" ind1=" " ind2=" ">
   <subfield code="a">YOPDYOG</subfield>
   <subfield code="b">ind</subfield>
   <subfield code="e">rda</subfield>
  </datafield>
  <datafield tag="082" ind1="0" ind2="4">
   <subfield code="2">23</subfield>
   <subfield code="a">370.71</subfield>
  </datafield>
  <datafield tag="084" ind1=" " ind2=" ">
   <subfield code="a">370.71 CLA r</subfield>
  </datafield>
  <datafield tag="090" ind1=" " ind2=" ">
   <subfield code="a">DEP 370.71 CLA r</subfield>
  </datafield>
  <datafield tag="090" ind1=" " ind2=" ">
   <subfield code="a">CB-D.11 2019-2155</subfield>
  </datafield>
  <datafield tag="100" ind1="0" ind2=" ">
   <subfield code="a">Clara Wahyu Purba Laras</subfield>
   <subfield code="e">penulis</subfield>
  </datafield>
  <datafield tag="245" ind1="1" ind2="0">
   <subfield code="a">Roller coaster pendidik muda /</subfield>
   <subfield code="c">penulis, Clara Wahyu Purba Laras, Ito Gangsar Wicaksono, Ana Rosari Dian Sulistyarini, Lusia Deni Nur Reni, Monica Anita Bunga Krisma, Maria Tyas Pratiwi, Restu Dhyas Yulianto, Permata Nugrahani, Veronika Elin Yuwita Cahya;editor, M.Andy Rudhito</subfield>
  </datafield>
  <datafield tag="250" ind1=" " ind2=" ">
   <subfield code="a">Cetakan pertama, Juli 2019</subfield>
  </datafield>
  <datafield tag="300" ind1=" " ind2=" ">
   <subfield code="a">viii, 160 halaman ;</subfield>
   <subfield code="c">20 cm</subfield>
  </datafield>
  <datafield tag="650" ind1=" " ind2="4">
   <subfield code="a">Praktik keguruan</subfield>
  </datafield>
  <datafield tag="700" ind1="0" ind2=" ">
   <subfield code="a">Ito Gangsar Wicaksono</subfield>
   <subfield code="e">penulis</subfield>
  </datafield>
  <datafield tag="700" ind1="0" ind2=" ">
   <subfield code="a">Ana Rosari Dian Sulistyarini</subfield>
   <subfield code="e">penulis</subfield>
  </datafield>
  <datafield tag="700" ind1="0" ind2=" ">
   <subfield code="a">Lusia Deni Nur Reni</subfield>
   <subfield code="e">penulis</subfield>
  </datafield>
  <datafield tag="700" ind1=" " ind2=" ">
   <subfield code="a">Monica Anita Bunga Krisma</subfield>
   <subfield code="e">penulis</subfield>
  </datafield>
  <datafield tag="700" ind1=" " ind2=" ">
   <subfield code="a">Maria Tyas Pratiwi</subfield>
   <subfield code="e">penulis</subfield>
  </datafield>
  <datafield tag="700" ind1=" " ind2=" ">
   <subfield code="a">Restu Dhyas Yulianto</subfield>
   <subfield code="e">penulis</subfield>
  </datafield>
  <datafield tag="700" ind1=" " ind2=" ">
   <subfield code="a">Permata Nugrahani</subfield>
   <subfield code="e">penulis</subfield>
  </datafield>
  <datafield tag="700" ind1=" " ind2=" ">
   <subfield code="a">Veronika Elin Yuvita Cahya</subfield>
   <subfield code="e">penulis</subfield>
  </datafield>
  <datafield tag="700" ind1=" " ind2=" ">
   <subfield code="a">Andy Rudhito, M</subfield>
   <subfield code="e">editor</subfield>
  </datafield>
  <datafield tag="850" ind1=" " ind2=" ">
   <subfield code="a">YOPDYOG</subfield>
  </datafield>
  <datafield tag="264" ind1="3" ind2="1">
   <subfield code="a">Yogyakarta :</subfield>
   <subfield code="b">Deepublish Publisher,</subfield>
   <subfield code="c">2019</subfield>
  </datafield>
  <datafield tag="264" ind1="3" ind2="4">
   <subfield code="a">©2019 penulis</subfield>
  </datafield>
  <datafield tag="336" ind1=" " ind2=" ">
   <subfield code="2">rdacontent</subfield>
   <subfield code="a">teks</subfield>
  </datafield>
  <datafield tag="337" ind1=" " ind2=" ">
   <subfield code="2">rdamedia</subfield>
   <subfield code="a">tanpa perantara</subfield>
  </datafield>
  <datafield tag="338" ind1=" " ind2=" ">
   <subfield code="2">rdacarrier</subfield>
   <subfield code="a">volume</subfield>
  </datafield>
  <controlfield tag="008">200227t2019    yoi    g |          ind d</controlfield>
  <datafield tag="999" ind1=" " ind2=" ">
   <subfield code="a">CB-D.11/2019-2155</subfield>
  </datafield>
  <datafield tag="990" ind1=" " ind2=" ">
   <subfield code="a">CB-D.11/2019-2155</subfield>
  </datafield>
  <datafield tag="990" ind1=" " ind2=" ">
   <subfield code="a">CB-D.11/2019-2155</subfield>
  </datafield>
 </record>
</collection>
